Stanice Pražského Metro - Statistics

General Stats
  • This quiz has been taken 21 times
  • The average score is 28 of 58
Answer Stats
Linka Odpovědi % Correct
A / B Můstek
94%
A / C Muzeum
82%
B Anděl
76%
C Háje
76%
C Hlavní nádraží
76%
C I. P. Pavlova
76%
B Zličín
76%
B / C Florenc
71%
B Palmovka
71%
B Národní třída
65%
B Rajská Zahrada
65%
B Černý Most
59%
B Českomoravská
59%
B Invalidovna
59%
C Kačerov
59%
A Nemocnice Motol
59%
B Smíchovské nádraží
59%
C Vyšehrad
59%
B Karlovo náměstí
53%
C Letňany
53%
C Nádraží Holešovice
53%
B Náměstí Republiky
53%
B Nové Butovice
53%
C Opatov
53%
C Prosek
53%
C Vltavská
53%
C Chodov
47%
A Depo Hostivař
47%
B Křižíkova
47%
C Pankrác
47%
B Stodůlky
47%
B Vysočanská
47%
C Budějovická
41%
A Flora
41%
A Hradčanská
41%
A Jiřího z Poděbrad
41%
C Kobylisy
41%
B Kolbenova
41%
A Nádraží Veleslavín
41%
C Pražského Povstání
41%
A Staroměstská
41%
C Střížkov
41%
B Hloubětín
35%
A Náměstí Míru
35%
B Radlická
35%
C Roztyly
35%
A Bořislavka
29%
B Jinonice
29%
C Ládví
29%
B Lužiny
29%
A Malostranská
29%
A Dejvická
24%
B Hůrka
24%
B Luka
24%
A Petřiny
24%
A Skalka
24%
A Želivského
24%
A Strašnická
18%
No matching quizzes found
Score Distribution
Percent of People with Each Score
Percentile by Number Answered
Your Score History
You have not taken this quiz